| 000 | 00754nam a22002057a 4500 | ||
|---|---|---|---|
| 003 | JO-AjAnu | ||
| 005 | 20250930084550.0 | ||
| 008 | 250928b jo ||||| |||| 00| 0 ara d | ||
| 020 | _a978-9957-428-33-4 | ||
| 022 | _a3975/11/2008 | ||
| 040 |
_aANU _cJO-AjAnu |
||
| 041 | _hARA | ||
| 100 |
_aالدغمي، محمد راكان _eمؤلف _966686 |
||
| 245 |
_aالأوقاف والمساجد في الأردن / _cمحمد راكان الدغمي |
||
| 260 |
_aعمان : _b اللجنة العليا لكتابة تاريخ الأردن، _c 2008 |
||
| 300 | _a321 صفحة | ||
| 490 | _aسلسلة منشورات اللجنة العليا لكتابة تاريخ الأردن | ||
| 650 | _vالمساجد-وقف-الأردن | ||
| 942 |
_2lcc _cBK _n0 |
||
| 999 |
_c34006 _d34006 |
||